000 01076cam a2200313 i 4500
999 _c130069
_d130069
001 4113084
003 ARRUPE
005 20191118105132.0
008 751023s1975 enk b 001 0 eng
010 _a 75327323
015 _aGB***
020 _a0631160302 :
_c£5.50
040 _aDLC
_cDLC
_dDLC
041 1 _aengger
050 0 0 _aBX7435.E44
_bM3713
082 0 0 _a289.9
_aB
100 1 _aMartin, Marie-Louise.
_948780
240 1 0 _aKirche ohne Weisse.
_lEnglish
245 0 0 _aKimbangu :
_ban African prophet and his church /
_cMarie-Louise Martin ; with a foreword by Bryan R. Wilson ; translated by D. M. Moore.
260 _aOxford [Eng.] :
_bBasil Blackwell,
_cc1975.
300 _axxiv, 198 p. ;
_c24 cm.
500 _aTranslation of Kirche ohne Weisse.
500 _aIncludes indexes.
504 _aBibliography: p. 185-188.
600 1 0 _aKimbangu, Simon,
_d1887-1951.
_948781
610 2 0 _aEglise de Jésus-Christ sur la terre par le prophète Simon Kimbangu.
_948782
906 _a7
_bcbc
_corignew
_d3
_encip
_f19
_gy-gencatlg
942 _2lcc
_cMONOGRAPH